000 00311nam a22001337a 4500
008 170227b xxu||||| |||| 00| 0 eng d
020 _a9780077354800
041 _aeng
080 _27TH
_a577
100 _a5
101 _aSHMB
245 _aGENERAL, ORGANIC, AND BIOCHEMISTRY
_cDENNISTON, K.J
942 _2udc
_cBK
999 _c6351
_d6351